000 00740nam a22002417a 4500
999 _c4943
_d4943
003 AR-CdUCM
008 190311b ||||| |||| 00| 0 spa d
020 _a2-02-005008-0
040 _aMUNICIPALIDAD PROVINCIAL DEL CUSCO
_cBIBLIOTECA MUNICIPAL DEL CUSCO
041 _hfre
082 _a848.9 /
_bL88
100 _aLottman R., Herbert
_915160
245 _aAlbert Camus /
260 _aParis :
_bDu seuil,
_c1978.
300 _a686 paginas ;
_c29 cm.
500 _aDonación de la familia Nieto
505 _aMéditerranéens -- L´exil -- La célébrité -- Quarante ans -- Le chemin du retour.
650 _aFrancia
_91444
650 _aMediterraneo
_915161
650 _aBiografia
_9437
942 _2ddc
_cLIBROS
945 _awnts